000 01996cam a22005294i 4500
003 PE-LiUPU
005 20250731172937.0
008 150623s r 000 0 d
020 _a0802806406
035 _a(Sirsi) i9780802806406
040 _aPE-LiUPU
_bspa
_cPE-LiUPU
_erda
049 _aPRUA
082 0 4 _a241
_bF32
_221
245 0 0 _aFrom Christ to the world :
_bintroductory readings in christian ethics /
_ceditado por Wayne G. Boulton, Thomas D. Kennedy y Allen Verhey.
264 1 _aMichigan :
_bWilliam B. Eerdmans Publishing Company,
_c1994.
300 _a542 páginas ;
_c25 centímetros
336 _atext
_2rdacontent
337 _aunmediated
_2rdamedia
338 _avolume
_2rdacarrier
500 _aTítulo a doble cara.
504 _aBibliografía al pie de páginas.
505 0 _aSources of christian ethics.- features of christian ethics.- Issues in christian ethics.
526 _aSEG42
526 _aSEG41
526 _aSEG40
526 _aSEG39
526 _aP94
526 _aP87
526 _aP86
526 _aP85
526 _aP77
526 _aP76
526 _aP35
650 0 4 _aÉtica cristiana.
_91047
700 1 _aBoulton, Wayne G.,
_eed.
700 1 _aKennedy, Thomas D.,
_eed.
700 1 _aVerhey, Allen,
_eed.
942 _2ddc
_cBOOK
949 _a241 F32
_wDEWEY
_c1
_i44423
_lCCODEBUL1
_mBUL
_r0
_sY
_tBOOK
_u2015-6-24
_xTEOLOGIA
_PP35
_0COMPRA
_o.STAFF. Colección General
949 _a241 F32
_wDEWEY
_c2
_i50759
_lCCODEBUL1
_mBUL
_r0
_sY
_tBOOK
_u2015-6-24
_xTEOLOGIA
_PP35
_0COMPRA
_o.STAFF. Colección General
994 _aC0
_bPEPRU
596 _a1
999 _a241 F32
_wDEWEY
_c21300
_i44423
_f2021-11-10
_g5
_lCCODEBUL1
_mBUL
_r0
_sY
_tBOOK
_u2015-6-24
_xTEOLOGIA
_PP35
_0COMPRA
_o.STAFF. Colección General
_d21300
999 _a241 F32
_wDEWEY
_c2
_i50759
_f2021-11-10
_g5
_lCCODEBUL1
_mBUL
_r0
_sY
_tBOOK
_u2015-6-24
_xTEOLOGIA
_PP35
_0COMPRA
_o.STAFF. Colección General
980 _81
_gALBERTO SANCHEZ Responsable de Automatización